<?xml version="1.0" encoding="UTF-8"?>
<collection xmlns="http://www.loc.gov/MARC21/slim">
 <record>
  <leader>01100nam a2200205 a 4500</leader>
  <controlfield tag="001">1/54356</controlfield>
  <controlfield tag="008">211104s2002    gr            100 | eng d</controlfield>
  <datafield tag="020" ind1=" " ind2=" ">
   <subfield code="a">9608568765</subfield>
  </datafield>
  <datafield tag="020" ind1=" " ind2=" ">
   <subfield code="a">9608568757</subfield>
  </datafield>
  <datafield tag="040" ind1=" " ind2=" ">
   <subfield code="a">GR-PeUP</subfield>
  </datafield>
  <datafield tag="082" ind1="0" ind2="0">
   <subfield code="a">956.93 TUR</subfield>
  </datafield>
  <datafield tag="111" ind1="2" ind2="0">
   <subfield code="a">Turkey's forcible islamisation and turkicization of the Cypriots and other nations in Asia Minor</subfield>
   <subfield code="d">(1995 :</subfield>
   <subfield code="c">Xanthe, Greece)</subfield>
  </datafield>
  <datafield tag="245" ind1="1" ind2="0">
   <subfield code="a">Turkey's forcible islamisation and turkicization of the Cypriots and other nations in Asia Minor :</subfield>
   <subfield code="b">international scientific conference, Xanthe, 30 June-3 July 1995 : minutes of the speeches given at the conference.</subfield>
  </datafield>
  <datafield tag="260" ind1=" " ind2=" ">
   <subfield code="a">Komotini :</subfield>
   <subfield code="b">Democritus University of Thrace, Department of History and Ethnology,</subfield>
   <subfield code="c">2002.</subfield>
  </datafield>
  <datafield tag="300" ind1=" " ind2=" ">
   <subfield code="a">381 σ. ;</subfield>
   <subfield code="c">25 εκ.</subfield>
  </datafield>
  <datafield tag="650" ind1=" " ind2="4">
   <subfield code="a">Εξισλαμισμός</subfield>
   <subfield code="z">Μικρά Ασία</subfield>
   <subfield code="x">Συνέδρια.</subfield>
  </datafield>
  <datafield tag="651" ind1=" " ind2="4">
   <subfield code="a">Κύπρος</subfield>
   <subfield code="x">Ιστορία</subfield>
   <subfield code="x">Τουρκική εισβολή, 1974-</subfield>
   <subfield code="x">Συνέδρια.</subfield>
  </datafield>
  <datafield tag="651" ind1=" " ind2="0">
   <subfield code="a">Cyprus</subfield>
   <subfield code="x">History</subfield>
   <subfield code="y">Cyprus Crisis, 1974-</subfield>
   <subfield code="x">Congresses.</subfield>
  </datafield>
  <datafield tag="852" ind1=" " ind2=" ">
   <subfield code="a">INST</subfield>
   <subfield code="b">UNIPILB</subfield>
   <subfield code="c">MAIN</subfield>
   <subfield code="e">20211104</subfield>
   <subfield code="h">956.93 TUR</subfield>
   <subfield code="p">00186139</subfield>
   <subfield code="q">00186139</subfield>
   <subfield code="t">LOAN</subfield>
   <subfield code="y">0</subfield>
   <subfield code="4">1</subfield>
  </datafield>
  <datafield tag="960" ind1=" " ind2=" ">
   <subfield code="a">ΜΑΡΙΑ ΒΕΛ</subfield>
  </datafield>
 </record>
</collection>
